[Event "Collado Villalba op-A 36th"]
[Site "Collado Villalba"]
[Date "2019.08.26"]
[Round "4"]
[White "Angelina Vela, Carlos"]
[Black "Andrade Sandoval, Bianca"]
[Result "1/2-1/2"]
[WhiteElo "2099"]
[BlackElo "1865"]
[PlyCount "106"]
[EventDate "2019.08.23"]
[EventType "swiss"]
[EventRounds "9"]
[EventCountry "ESP"]
[SourceTitle "CBM 192 Extra"]
[Source "Chessbase"]
[SourceDate "2019.11.06"]
[SourceVersion "1"]
[SourceVersionDate "2019.11.06"]
[SourceQuality "1"]

1. Nf3 d5 2. g3 Bf5 3. Bg2 e6 4. 0-0 Nf6 5. c4 c5 6. cxd5 exd5 7. d4 Nc6 8. Nc3 Be7 9. dxc5 Bxc5 10. Bg5 d4 11. Nh4 Bg6 12. Nd5 0-0 13. Rc1 Be7 14. Nxe7+ Nxe7 15. Bxf6 gxf6 16. Qb3 Rb8 17. Rfd1 Qd6 18. Nxg6 hxg6 19. Qa4 a6 20. Rxd4 Qb6 21. Qb4 Qxb4 22. Rxb4 b5 23. Re4 Rfe8 24. Rc7 Kf8 25. Rd4 Red8 26. Rdd7 Rxd7 27. Rxd7 Rb6 28. b4 Ke8 29. Ra7 Nc6 30. Bxc6+ Rxc6 31. e3 Kf8 32. h4 f5 33. Kg2 Kg7 34. Kf3 Kf6 35. a3 Ke6 36. Kf4 Kf6 37. f3 Ke6 38. Kg5 Rd6 39. Rc7 Rd3 40. Kf4 Rxa3 41. e4 fxe4 42. fxe4 Rb3 43. Rc6+ Ke7 44. Rxa6 Rxb4 45. g4 Rb1 46. Rb6 b4 47. Ke5 b3 48. Rb7+ Kf8 49. Kf6 Rf1+ 50. Kg5 Kg7 51. e5 Re1 52. Rxb3 Rxe5+ 53. Kf4 Ra5 1/2-1/2

[Event "Collado Villalba op-A 36th"]
[Site "Collado Villalba"]
[Date "2019.08.23"]
[Round "1"]
[White "Rodriguez de Robles, Ignacio"]
[Black "Angelina Vela, Carlos"]
[Result "1-0"]
[WhiteElo "1795"]
[BlackElo "2099"]
[PlyCount "107"]
[EventDate "2019.08.23"]
[EventType "swiss"]
[EventRounds "9"]
[EventCountry "ESP"]
[SourceTitle "CBM 192 Extra"]
[Source "Chessbase"]
[SourceDate "2019.11.06"]
[SourceVersion "1"]
[SourceVersionDate "2019.11.06"]
[SourceQuality "1"]

1. e4 c6 2. Ne2 d5 3. exd5 cxd5 4. d4 Nf6 5. g3 Nc6 6. Bg2 Bf5 7. c3 e6 8. 0-0 Be7 9. Bf4 0-0 10. Nd2 a6 11. h3 Rc8 12. b4 Bd6 13. Bxd6 Qxd6 14. f4 Bd3 15. Rf3 Bg6 16. g4 Ne4 17. f5 exf5 18. gxf5 Bh5 19. Nxe4 dxe4 20. Re3 Rfe8 21. Bxe4 Re7 22. Qd3 Rce8 23. Ng3 Qh6 24. Rae1 Qg5 25. Kh2 Qf4 26. Rf1 Qh6 27. f6 Re6 28. Nf5 Qxf6 29. Nd6 Qd8 30. Nxe8 Qxe8 31. Bxh7+ Kh8 32. Rxe6 Qxe6 33. Bf5 Qxa2+ 34. Qc2 Qc4 35. Bd3 Qd5 36. Qd2 Qd6+ 37. Qf4 Qd8 38. Bc4 Ne7 39. Bxf7 Bxf7 40. Qxf7 Qd6+ 41. Qf4 Qd7 42. Rg1 Nd5 43. Qf8+ Kh7 44. Rg3 Nf6 45. Qc5 Qa4 46. Qf5+ Kh8 47. Qg6 Qd7 48. h4 Qe7 49. Qg5 Qe2+ 50. Rg2 Qe7 51. h5 Qc7+ 52. Qg3 Qf7 53. h6 gxh6 54. Qg6 1-0

[Event "Pontevedra op 7th"]
[Site "Pontevedra"]
[Date "2019.08.13"]
[Round "8"]
[White "Angelina Vela, Carlos"]
[Black "Kalaiyalahan, Akshaya"]
[Result "1-0"]
[WhiteElo "2099"]
[BlackElo "2213"]
[PlyCount "103"]
[EventDate "2019.08.08"]
[EventType "swiss"]
[EventRounds "9"]
[EventCountry "ESP"]
[SourceTitle "EXT 2020"]
[Source "ChessBase"]
[SourceDate "2019.10.17"]
[SourceVersion "1"]
[SourceVersionDate "2019.10.17"]
[SourceQuality "1"]

1. d4 Nf6 2. Nf3 g6 3. g3 Bg7 4. Bg2 0-0 5. 0-0 d6 6. b3 c5 7. c4 Nbd7 8. Bb2 Rb8 9. Nc3 a6 10. a4 Qb6 11. d5 Qd8 12. Qc2 Ne8 13. a5 b5 14. axb6 Nxb6 15. h3 Nc7 16. Nd1 Bxb2 17. Nxb2 Bd7 18. Rfd1 f6 19. Nh4 Kg7 20. Ra3 Qe8 21. Qc3 Qf7 22. e4 e5 23. dxe6 Qxe6 24. Nd3 Qe8 25. Nf3 Bc6 26. Nd2 Qc8 27. Nf4 Qb7 28. Re1 Rbe8 29. Raa1 Ne6 30. Nxe6+ Rxe6 31. Re3 Nd7 32. f4 Kg8 33. Bf3 Rfe8 34. Rae1 R6e7 35. Kf2 Kf7 36. h4 Qc7 37. h5 Bb7 38. R3e2 Bc6 39. Re3 Bb7 40. Qd3 Nb6 41. e5 dxe5 42. Bxb7 Qxb7 43. Ne4 Rd7 44. Nd6+ Rxd6 45. Qxd6 Nd7 46. Rd3 Re7 47. Qd5+ Qxd5 48. hxg6+ hxg6 49. Rxd5 exf4 50. Rxe7+ Kxe7 51. gxf4 Ke6 52. Kf3 1-0

[Event "Collado Villalba op-A 34th"]
[Site "Collado Villalba"]
[Date "2017.08.22"]
[Round "1"]
[White "Elguezabal Selioutin, Dario"]
[Black "Angelina Vela, Carlos"]
[Result "0-1"]
[WhiteElo "1844"]
[BlackElo "2098"]
[PlyCount "62"]
[EventDate "2017.08.22"]
[EventType "swiss"]
[EventRounds "9"]
[EventCountry "ESP"]
[SourceTitle "CBM 180 Extra"]
[Source "ChessBase"]
[SourceDate "2017.10.06"]
[SourceVersion "1"]
[SourceVersionDate "2017.10.06"]
[SourceQuality "1"]

1. d4 Nf6 2. Nf3 e6 3. c4 Bb4+ 4. Nbd2 b6 5. e3 Bb7 6. Bd3 0-0 7. 0-0 Bxd2 8. Nxd2 c5 9. b3 Nc6 10. Bb2 cxd4 11. exd4 d5 12. Nf3 Rc8 13. Rc1 Qe7 14. Qe2 Rfd8 15. Rfd1 h6 16. Ne5 Nxe5 17. dxe5 Nd7 18. cxd5 Bxd5 19. Ba6 Rxc1 20. Bxc1 Nc5 21. Bd3 Nxd3 22. Rxd3 Rc8 23. Bf4 Qb4 24. Qe3 Rc2 25. h3 Rxa2 26. Bxh6 Qh4 27. Bg5 Qh5 28. Qc1 Qe2 29. Qc8+ Kh7 30. Rg3 Qxf2+ 31. Kh2 Qxg2+ 0-1

[Event "Mostoles op 6th"]
[Site "Mostoles"]
[Date "2013.07.23"]
[Round "8"]
[White "Aziz Ortego, Omar Luis"]
[Black "Angelina Vela, Carlos"]
[Result "0-1"]
[WhiteElo "2045"]
[BlackElo "1993"]
[PlyCount "94"]
[EventDate "2013.07.16"]
[EventType "swiss"]
[EventRounds "9"]
[EventCountry "ESP"]
[SourceTitle "EXT 2014"]
[Source "ChessBase"]
[SourceDate "2013.11.20"]
[SourceVersion "1"]
[SourceVersionDate "2013.11.20"]
[SourceQuality "1"]

1. e4 c6 2. d4 d5 3. Nc3 dxe4 4. Nxe4 Bf5 5. Ng3 Bg6 6. Nf3 Nd7 7. Bc4 e6 8. Qe2 Ngf6 9. Ne5 Nxe5 10. dxe5 Nd5 11. a3 Be7 12. Bb3 Qb6 13. Bd2 a5 14. 0-0 a4 15. Bxd5 cxd5 16. Bc1 0-0 17. c3 Rfc8 18. Rd1 Rc4 19. Be3 Bc5 20. Rd2 h6 21. Re1 Ra5 22. h3 Rb5 23. Bxc5 Qxc5 24. Kh2 Qb6 25. f3 Rb3 26. Rf1 Qc5 27. f4 d4 28. Ne4 d3 29. Qxd3 Bxe4 30. Qd8+ Qf8 31. Qh4 Bd5 32. Rf3 Kh7 33. Rg3 Re4 34. Rg4 f5 35. Rg5 Qf7 36. Rd3 Rxf4 37. Qxf4 hxg5 38. Qxg5 Qg6 39. Qh4+ Qh6 40. Qf2 Rb5 41. c4 Be4 42. Rg3 Rb3 43. c5 Rxg3 44. Qxg3 Qd2 45. h4 Qe2 46. Kg1 Qg4 47. Qf2 f4 0-1

[Event "Madrid Gredos San Diego op"]
[Site "Madrid"]
[Date "2013.04.28"]
[Round "5"]
[White "Arbunic Castro, Giovanna B"]
[Black "Angelina Vela, Carlos"]
[Result "1-0"]
[WhiteElo "2080"]
[BlackElo "1993"]
[PlyCount "69"]
[EventDate "2013.04.25"]
[EventType "swiss"]
[EventRounds "5"]
[EventCountry "ESP"]
[SourceTitle "EXT 2015"]
[Source "ChessBase"]
[SourceDate "2014.11.20"]
[SourceVersion "1"]
[SourceVersionDate "2014.11.20"]
[SourceQuality "1"]

1. d4 d5 2. c4 c6 3. Nf3 Nf6 4. Nc3 dxc4 5. e3 Bf5 6. Bxc4 e6 7. 0-0 Be7 8. Qe2 Bg4 9. h3 Bh5 10. Rd1 0-0 11. e4 Qc7 12. Bg5 Re8 13. Rac1 Qa5 14. Bh4 Nbd7 15. g4 Bg6 16. Bg3 b5 17. e5 bxc4 18. exf6 Bd3 19. Qe3 Nxf6 20. Ne5 Rac8 21. Qf3 Bg6 22. Nxc6 Qb6 23. Nxe7+ Rxe7 24. Bh4 Rd7 25. Bxf6 gxf6 26. Qxf6 Rcd8 27. Na4 Qb4 28. Nc5 Rd5 29. h4 Qxb2 30. h5 Bd3 31. Rxc4 Qe2 32. Rxd3 Rb8 33. h6 Rb1+ 34. Kh2 Kf8 35. Nd7+ 1-0

[Event "Madrid Gredos San Diego op"]
[Site "Madrid"]
[Date "2013.04.27"]
[Round "4"]
[White "Angelina Vela, Carlos"]
[Black "Martinez Montalvo, Eduardo"]
[Result "1-0"]
[WhiteElo "1993"]
[BlackElo "1779"]
[PlyCount "59"]
[EventDate "2013.04.25"]
[EventType "swiss"]
[EventRounds "5"]
[EventCountry "ESP"]
[SourceTitle "EXT 2015"]
[Source "ChessBase"]
[SourceDate "2014.11.20"]
[SourceVersion "1"]
[SourceVersionDate "2014.11.20"]
[SourceQuality "1"]

1. c4 b6 2. Nc3 Bb7 3. d4 e6 4. Nf3 Bb4 5. Bd2 f5 6. a3 Bxc3 7. Bxc3 Nf6 8. e3 Ne4 9. Qc2 a5 10. Bd3 0-0 11. Rg1 c5 12. dxc5 Nxc5 13. 0-0-0 a4 14. Nd4 Be4 15. Bxe4 fxe4 16. f3 Qg5 17. Qe2 Nb3+ 18. Nxb3 axb3 19. Qd2 b5 20. cxb5 Qxb5 21. Qd4 Rf7 22. Qxe4 Ra6 23. Qd3 Qc6 24. Kb1 d5 25. e4 dxe4 26. Qd8+ Rf8 27. Qe7 e5 28. Qxe5 Ra7 29. fxe4 Nd7 30. Qxg7# 1-0

[Event "Madrid Gredos San Diego op"]
[Site "Madrid"]
[Date "2013.04.25"]
[Round "1"]
[White "Tevar Becerra, Alvaro"]
[Black "Angelina Vela, Carlos"]
[Result "0-1"]
[WhiteElo "1616"]
[BlackElo "1993"]
[PlyCount "42"]
[EventDate "2013.04.25"]
[EventType "swiss"]
[EventRounds "5"]
[EventCountry "ESP"]
[SourceTitle "EXT 2015"]
[Source "ChessBase"]
[SourceDate "2014.11.20"]
[SourceVersion "1"]
[SourceVersionDate "2014.11.20"]
[SourceQuality "1"]

1. e4 c6 2. d4 d5 3. exd5 cxd5 4. Nf3 Nc6 5. Bb5 Qb6 6. Bxc6+ bxc6 7. Nc3 Nf6 8. 0-0 Bg4 9. Qd3 Bxf3 10. Qxf3 Qxd4 11. Bf4 e6 12. Rfe1 Be7 13. Be5 Qb4 14. Rad1 0-0 15. a3 Qb6 16. Rd3 Nd7 17. Bd4 Qd8 18. Qg3 Bf6 19. Bxf6 Nxf6 20. Rde3 Qb8 21. Ne2 Nd7 0-1

[Event "Collado Villalba op 28th"]
[Site "Collado Villalba"]
[Date "2011.08.25"]
[Round "3"]
[White "Angelina Vela, Carlos"]
[Black "Montanes Arribas, Adrian"]
[Result "1/2-1/2"]
[WhiteElo "1998"]
[BlackElo "2177"]
[PlyCount "92"]
[EventDate "2011.08.23"]
[EventType "swiss"]
[EventRounds "9"]
[EventCountry "ESP"]
[SourceTitle "CBM 144 Extra"]
[Source "ChessBase"]
[SourceDate "2011.10.28"]
[SourceVersion "1"]
[SourceVersionDate "2011.10.28"]
[SourceQuality "1"]

1. c4 c6 2. d4 d5 3. cxd5 cxd5 4. Nc3 Nf6 5. Nf3 Nc6 6. e3 Bg4 7. Be2 e6 8. 0-0 Bd6 9. a3 Rc8 10. Bd2 0-0 11. Ne1 Bxe2 12. Qxe2 Na5 13. Nb5 Bb8 14. Bxa5 Qxa5 15. Nf3 Ne4 16. Ne5 a6 17. f3 Nd2 18. b4 Qxb5 19. Qxd2 Bxe5 20. dxe5 Rc4 21. Rfc1 Rfc8 22. h3 Qc6 23. Rf1 Rc2 24. Qd4 Qc3 25. Rf2 Rxf2 26. Kxf2 Qc2+ 27. Kg3 h6 28. Rd1 Rc4 29. Qd3 Qb2 30. f4 Rc2 31. Rg1 Rc3 32. Qd4 Qxa3 33. Re1 Rc4 34. Qb6 Qxb4 35. Qd8+ Kh7 36. Re2 d4 37. Qd7 Kg6 38. f5+ exf5 39. e6 Qf8 40. e7 Qb8+ 41. Kf3 dxe3 42. g3 Re4 43. Rxe3 Qe5 44. Rxe4 Qxe4+ 45. Kf2 Qc2+ 46. Kg1 Qc1+ 1/2-1/2

[Event "Collado Villalba op 28th"]
[Site "Collado Villalba"]
[Date "2011.08.24"]
[Round "2"]
[White "Montoya Pecurul, Marc"]
[Black "Angelina Vela, Carlos"]
[Result "0-1"]
[WhiteElo "1796"]
[BlackElo "1998"]
[PlyCount "62"]
[EventDate "2011.08.23"]
[EventType "swiss"]
[EventRounds "9"]
[EventCountry "ESP"]
[SourceTitle "CBM 144 Extra"]
[Source "ChessBase"]
[SourceDate "2011.10.28"]
[SourceVersion "1"]
[SourceVersionDate "2011.10.28"]
[SourceQuality "1"]

1. e4 c6 2. d4 d5 3. e5 Bf5 4. Nf3 e6 5. Be2 c5 6. c3 Nc6 7. 0-0 Bg6 8. Be3 cxd4 9. cxd4 Nge7 10. a3 Nf5 11. b4 Nxe3 12. fxe3 Be7 13. Nbd2 0-0 14. Nb3 Rc8 15. Bd3 a5 16. b5 Nb8 17. Bxg6 hxg6 18. a4 Bb4 19. Rc1 Qe7 20. Qd3 Nd7 21. e4 Nb6 22. exd5 exd5 23. e6 Qxe6 24. Ng5 Qg4 25. Rxc8 Nxc8 26. Nf3 Nd6 27. Nc5 Re8 28. Ne5 Rxe5 29. dxe5 Bxc5+ 30. Kh1 Nf5 31. Qxd5 Ng3+ 0-1